00636nam a22001695i 4500001000700000003000900007005001700016008004100033040002000074100006400094245007000158250001300228260005900241300002900300651002700329852011000356155294ES-MaACL20250718063327.0040720s1886 fr |||| | fre d aCAM bspa cCAM1 aHérisson, Maurice d'Irisson, cComte d', d1839-1893eaut10aJournal d'un interprète en Chine / cpar le Comte d'Hérisson. a3e éd. aParis : bPaul Ollendorff, c1886 f(Typ. G. Chamerot) a442 páginas ; c18 cm. 4aChina-xDescripción. aES-MaACLcSPP3fEx-libris ms. de EscobarhDonativo de Antonio Escobar Laredo jG-7571 xPasta española